02081cam a2200349 i 4500001001000000003000600010005001700016007000300033008004100036010001700077015001900094016001800113020001800131035006000149040010300209041000800312042001400320050002300334100004100357245010000398260004200498300004600540504006700586505031200653520055500965650003601520650003801556655001901594942000801613952009501621999001501716a43222780SIRSI20250703150243.0t|221026t20232023enka b 001 0 eng d a 2022948740 aGBC3D60102bnb7 a0211440912Uk a9781509545223 a(OCoLC)1353961655z(OCoLC)1353981160z(OCoLC)1428888272 aYDXbengerdacDLCdUKMGBdBDXdTOHdYDXdOCLCFdIUOdCDXdMNNdOCLCOdGRUdEEMdRDFdDACdUtOrBLW aeng alccopycat00aTA1634b.R484 2023 aRettberg, Jill Walkereauthor92568010aMachine visionb: how algorithms are changing the way we see the worldc/ Jill Walker Rettberg. aCambridge, UK :bPolity Press,c2023. avii, 225 pages :billustrations ;c22 cm. aIncludes bibliographical references (pages 189-210) and index.0 aIntroduction — Seeing More: Histories of Augmenting Human Vision — Seeing Differently: exploring non-Human Vision — Seeing Everything: Surveillance and the desire for Objectivity and Security — Being Seen: the Algorithmic Gaze — Seeing Less: the Blind Spots of Machine Vision — Conclusion: hope. aIn this illuminating book, Jill Walker Rettberg examines the long history of machine vision. Providing an overview of the historical and contemporary uses of machine vision, she unpacks how technologies such as smart surveillance cameras and TikTok filters are changing the way we see the world and one another. By analysing fictional and real-world examples, including art, video games and science fiction, the book shows how machine vision can have very different cultural impacts, fostering both sympathy and community as well as anxiety and fear. 0aComputer visionxHistory925681 0aAlgorithmsxSocial aspects925682 0aHistory922700 2lcc 00102lcc4070aTBSbTBSd2025-07-03l0oTA1634 WALpB05802r2025-07-03t1w2025-07-03y1 c4827d4827